00470nam a2200181 a 450000100060000000300090000600800410001504000280005608200180008424500630010226000330016530000090019865000160020765000230022365000160024665000140026265000120027610182CO-ViMGA141112s2004 ck r 000 u spa d aCO-ViMGAbspacCO-ViMGA aR371.426 O34f10aFormación Profesional : bGlosario de terminos escogidos aMexico : bAlfaomega, c1995 a90p.14aAPRENDIZAJE14aAPTITUD VOCACIONAL14aeducación14aFORMACION14aTRABAJO